Every RB taken in the NFL draft - Statistics

General Stats
  • This quiz has been taken 4 times
  • The average score is 7 of 13
Answer Stats
Pick Team College Answer % Correct
32 Seahawks Notre Dame Jadarian Price
100%
3 Cardinals Notre Dame Jeremiyah Love
100%
187 Commanders Penn St Kaytron Allen
75%
165 Titans Penn St Nicholas Singleton
75%
198 Vikings Wake Forest Demond Claiborne
50%
161 Chiefs Nebraska Emmett Johnson
50%
245 Patriots Alabama Jam Miller
50%
90 49ers Indiana Kaelon Black
50%
230 Steelers Navy Eli Heidenreich
25%
108 Broncos Washington Jonah Coleman
25%
122 Raiders Arkansas Mike Washington Jr
25%
237 Colts Kentucky Seth McGowan
25%
174 Ravens Clemson Adam Randall
0%
No matching quizzes found
Score Distribution
Percent of People with Each Score
Percentile by Number Answered
Your Score History
You have not taken this quiz